000 00638nam a2200229 a 4500
001 BRCA_7035
005 20190320205702.0
008 291111s1944----ag-#######---#000-0#spa-#
041 _aspa
044 _aag
050 4 _aHG229
_b.A22
_c1944
100 1 _aKemmerer, Edwin Walter
_917485
245 1 0 _aEl ABC de la inflación
_cEdwin Walter Kemmerer; tr. de Miguel de Hernarni
260 _aBuenos Aires
_bSudamérica
_c1944
300 _a186 p.
_c20 cm.
500 _aI182
504 _aBibliografía: p. 179-182
650 1 4 _aEconomía
_914865
700 1 _aHernarni, Miguel de
_eTraductor
_917486
902 _aGFM
942 _2lcc
_cB
999 _c6716
_d6716